书目信息 |
| 题名: |
盛宴
|
|
| 作者: | 常明 编著 | |
| 分册: | ||
| 出版信息: | 北京 中国水利水电出版社 2010 |
|
| 页数: | 207页 | |
| 开本: | 29cm | |
| 丛书名: | ||
| 单 册: | ||
| 中图分类: | G843.732-64 | |
| 科图分类: | ||
| 主题词: | 足球运动--杯赛--世界--1930~2010--图集 , 足球运动 , 杯赛 | |
| 电子资源: | ||
| ISBN: | 978-7-5084-7356-7 | |
| 000 | 00958nam0 2200265 45 | |
| 001 | 1130136437 | |
| 005 | 20110309093920.39 | |
| 010 | @a978-7-5084-7356-7@dCNY49.00 | |
| 100 | @a20110110d2010 em y0chiy50 ea | |
| 101 | 0 | @achi |
| 102 | @aCN@b110000 | |
| 105 | @aa z 000yy | |
| 106 | @ar | |
| 200 | 1 | @a盛宴@ASheng Yan@e1930-2010世界杯80年精彩图集@E1930-2010 Shi Jie Bei 80 Nian Jing Cai Tu Ji@f常明编著@FChang Ming Bian Zhu |
| 210 | @a北京@c中国水利水电出版社@d2010 | |
| 215 | @a207页@d29cm | |
| 330 | @a本书精选了历届世界杯经典瞬间的图片,以时间顺序展示给广大读者。让读者能够再次欣赏世界杯经典瞬间,回味精彩时刻。 | |
| 517 | 1 | @a1930-2010世界杯80年精彩图集@A1930-2010 Shi Jie Bei 80 Nian Jing Cai Tu Ji |
| 606 | 0 | @a足球运动@x杯赛@y世界@z1930~2010@j图集 |
| 606 | 0 | @a足球运动 |
| 606 | 0 | @a杯赛 |
| 690 | @aG843.732-64@v4 | |
| 701 | 0 | @a常明@AChang Ming@4编著 |
| 801 | 0 | @aCN@bTANGWEI@c20110309 |
| 905 | @b0529749-52@dG843.732-64@e332@f4 | |
| 盛宴:1930-2010世界杯80年精彩图集/常明编著.-北京:中国水利水电出版社,2010 |
| 207页;29cm |
| ISBN 978-7-5084-7356-7:CNY49.00 |
| 本书精选了历届世界杯经典瞬间的图片,以时间顺序展示给广大读者。让读者能够再次欣赏世界杯经典瞬间,回味精彩时刻。 |
| ● |
| 相关链接 |
|
|
|
|
正题名:盛宴
索取号:G843.732-64/332
 
预约/预借
| 序号 | 登录号 | 条形码 | 馆藏地/架位号 | 状态 | 备注 |
| 1 | 0529749 | 205297490 | 第一样本阅览室/ [索取号:G843.732-64/332] | 在馆 | |
| 2 | 0529750 | 205297506 | 密集书库-体育系/ [索取号:G843.732-64/332] | 在馆 | |
| 3 | 0529751 | 205297515 | 第四借阅区/ [索取号:G843.732-64/332] | 在馆 | |
| 4 | 0529752 | 205297524 | 第四借阅区/ [索取号:G843.732-64/332] | 在馆 |